000
00318nam a2200157 4500
005
20260311160322.0
008
CU66
020
_a
0852974361
050
_a
HG 3853 COY
100
_a
COYLE BRIAN
245
_a
CURRENCY SWAPS
260
_a
LONDON
_b
BPP
_c
2000
300
_a
121p.
500
_a
INDEX
942
_2
lcc
_c
BK
_n
0
999
_c
8934
_d
8934